000 00296nam a2200121Ia 4500
008 240624s9999 xx 000 0 und d
041 _aeng
082 _a050 MAN
100 _aMANORAMA
245 _aMANORAMA YEAR BOOK 2011
260 _c2011
_aNew Delhi
_bManorama
300 _a1038 : p. : cm. ; 20
999 _c18119
_d18119